SocioEconomic Challenges

Salvato in:
Dettagli Bibliografici
Natura: Periodico
Lingua:inglese
Pubblicazione: Hamburg Academic Research and Publishing
Tags: Aggiungi Tag
Nessun Tag, puoi essere il primo ad aggiungerne!!

MARC

LEADER 00000nas1a2200000 4500
001 0295217
005 20231120092915.1
022 |a 2520-6621 
022 |a 2520-6214 
041 0 |a eng 
044 |a DE 
245 1 0 |a SocioEconomic Challenges 
264 1 |a Hamburg  |b Academic Research and Publishing